00349nam a2200109Ia 4500008004100000020001800041082001800059100002600077245007900103260004700182300001000229210430s9999 xx 000 0 und d a9780273793403 a620.11 S5241I aShackelford, James F. aIntroduction to Materials Science for Engineers 8thcShackelford, James F. aEngland.bPearson Education Limited.c2016 a617p.